Integrácia trhu s krátkodobými cennými papiermi na peňažnom trhu eurozóny

Krátkodobý trh cenných papierov ako jediný segment peňažného trhu eurozóny dosiahol nízky stupeň integrácie. Dôvodom bol princíp diverzifikácie portfólia dlhopisov, ktorý je pre investorov oveľa dôležitejší, ako je držba nástrojov peňažného trhu. Príspevok je zameraný na podporu integrácie trhu s kr...

Ausführliche Beschreibung

Gespeichert in:
Bibliographische Detailangaben
1. Verfasser: Malacká, Viera
Format: Buchkapitel
Sprache:Slowakisch
Schlagworte:
Tags: Tag hinzufügen
Keine Tags, Fügen Sie das erste Tag hinzu!

MARC

LEADER 00000nla a2200000 4500
001 0175025
005 20240502073002.3
041 0 |a slo 
044 |a SK 
245 1 0 |a Integrácia trhu s krátkodobými cennými papiermi na peňažnom trhu eurozóny  |c Viera Malacká 
520 |a Krátkodobý trh cenných papierov ako jediný segment peňažného trhu eurozóny dosiahol nízky stupeň integrácie. Dôvodom bol princíp diverzifikácie portfólia dlhopisov, ktorý je pre investorov oveľa dôležitejší, ako je držba nástrojov peňažného trhu. Príspevok je zameraný na podporu integrácie trhu s krátkodobými cennými papiermi na peňažnom trhu eurozóny v rámci programu Short term European paper (STEP). 
610 2 0 |a trh peňažný 
610 2 0 |a papiere cenné 
610 2 0 |a dlhopisy 
610 2 0 |a integrácia 
610 2 0 |a eurozóna 
100 1 |a Malacká, Viera